000 00941cam a2200265 a 4500
001 2686
005 20240111152248.0
020 _a9781604724349
040 _aDLC
_cDLC
_dDLC
_bENG
050 0 0 _aTF148
_b 2009
082 0 0 _a625.1
100 1 _aCarroll, Molly
245 1 0 _aWhooo, whooo ... here come the trains /
_cMolly Carroll.
260 _aGuangdong Province :
_bRourke Educational Media ,
_c2009
300 _a14 unnumbered pages :
_bcolor illustrations ;
_c16 cm.
490 0 _aRourke board books
500 _aOn board pages.
505 _aG
520 _aThis will be the new favorite train book for many little kids. The large photos of trains will catch their attention as they learn about different types of trains. .
521 _a390
_bLexile
521 _aG
_bRaz-Plus
650 0 _aRailroad trains
_vJuvenile literature.
906 _a7
_bcbc
_corignew
_d1
_eecip
_f20
_gy-gencatlg
942 _2ddc
_cBK
_n0
999 _c2686
_d2686